Advanced Microeconomic Theory (Record no. 348166)
[ view plain ]
| 000 -LEADER | |
|---|---|
| fixed length control field | 00550 a2200193 4500 |
| 020 ## - INTERNATIONAL STANDARD BOOK NUMBER | |
| International Standard Book Number | 8177581066 |
| 024 ## - OTHER STANDARD IDENTIFIER | |
| Standard number or code | 9788177581065 |
| 082 ## - DEWEY DECIMAL CLASSIFICATION NUMBER | |
| Classification number | 338.5 |
| 090 ## - LOCALLY ASSIGNED LC-TYPE CALL NUMBER (OCLC); LOCAL CALL NUMBER (RLIN) | |
| -- | 5766 |
| -- | 5766 |
| 100 ## - MAIN ENTRY--PERSONAL NAME | |
| Personal name | Jehle, Geoffrey A.; Reny Philip J. |
| 245 ## - TITLE STATEMENT | |
| Title | Advanced Microeconomic Theory |
| Statement of responsibility, etc. | Geoffrey A. Jehle |
| Medium | Philip J. Reny |
| 250 ## - EDITION STATEMENT | |
| Edition statement | 2nd Ed. |
| 260 ## - PUBLICATION, DISTRIBUTION, ETC. | |
| Place of publication, distribution, etc. | New Delhli, India |
| Name of publisher, distributor, etc. | Pearson Education, Inc. |
| Date of publication, distribution, etc. | 2008 |
| 300 ## - PHYSICAL DESCRIPTION | |
| Extent | 543 |
| 500 ## - GENERAL NOTE | |
| General note | paperback |
| 505 ## - FORMATTED CONTENTS NOTE | |
| Title | Geoffrey A. Jehle |
| 600 ## - SUBJECT ADDED ENTRY--PERSONAL NAME | |
| Personal name | Geoffrey A. Jehle, Philip, J. Reny |
| 942 ## - ADDED ENTRY ELEMENTS (KOHA) | |
| Institution code [OBSOLETE] | NBS |
| Koha item type | Book |
| Call number prefix | 338.5 JEH |
| Withdrawn status | Lost status | Damaged status | Not for loan | Permanent Location | Current Location | Date acquired | Total Checkouts | Full call number | Barcode | Date last seen | Date last checked out | Price effective from | Koha item type |
|---|---|---|---|---|---|---|---|---|---|---|---|---|---|
| NUST Law School (NLS) | NUST Law School (NLS) | 08/28/2013 | 2 | 338.5 JEH | NBS7599 | 05/24/2019 | 03/06/2019 | 08/28/2013 | Book | ||||
| NUST Law School (NLS) | NUST Law School (NLS) | 08/28/2013 | 5 | 338.5 JEH | NBS8642 | 03/18/2021 | 02/10/2021 | 08/28/2013 | Book |
